000 00693nam a22002177a 4500
005 20151119122253.0
010 _aENG-114118
020 _c595.00
_a9789350355947
035 _aEN-97650
037 _bDBAD/PUB
082 _a344.5401
100 _aKumar, H. L.
245 _aLaw relating to disciplinary proceedings in industries /
_bby H. L. Kumar [and] Gaurav Kumar
250 _a9th ed
260 _aGurgaon
_bUniversal Law Publishing
_c2015
270 _a14th Floor, Building No 10, Tower -B, DLFCyber City, Phase-II
_bGurgaon
_e122002
300 _alvi,450p.
_c22cm(pbk)
500 _aIncludes index
700 _aGaurav Kumar
942 _2ddc
_cEN
_mKUM
_h344.5401
999 _c97225
_d97225